The Japanese power game : what it means for America

שמור ב:
מידע ביבליוגרפי
מחבר ראשי: Holstein, William J.
פורמט: ספר
שפה:Undetermined
יצא לאור: New York Collier Macmillan Canada 1990
נושאים:
תגים: הוספת תג
אין תגיות, היה/י הראשונ/ה לתייג את הרשומה!
Thư viện lưu trữ: Trung tâm Học liệu Trường Đại học Cần Thơ
LEADER 00682nam a2200229Ia 4500
001 CTU_108745
008 210402s9999 xx 000 0 und d
082 |a 306.20952 
082 |b H757 
100 |a Holstein, William J. 
245 4 |a The Japanese power game : 
245 0 |b what it means for America 
245 0 |c William J. Holstein. 
260 |a New York 
260 |b Collier Macmillan Canada 
260 |c 1990 
650 |a Political corruption,Political culture,Japan,Japan 
650 |x Politics and government,Economic conditions 
650 |y 1945-,1989- 
650 |z Japan,Japan 
904 |i Năm 
980 |a Trung tâm Học liệu Trường Đại học Cần Thơ